[Event "Campeonato Individual para Veteranos 65 de Madrid 2024-2025"]
[Site "Madrid ESP"]
[Date "2025.05.19"]
[Round "1.1"]
[White "Gonzalez Rivera, Eduardo"]
[Black "Olmedo Camacho, Jose"]
[Result "0-1"]
[WhiteElo "2004"]
[BlackElo "1752"]
[PlyCount "82"]
[GameId "2179310241026227"]
[EventDate "2025.05.19"]

1. e4 e5 2. Nf3 Nc6 3. Bc4 Be7 4. O-O d6 5. h3 Nf6 6. Qe2 a6 7. a4 Be6 8. Bxe6 fxe6 9. c4 Qd7 10. d3 h6 11. Bd2 Nd4 12. Nxd4 exd4 13. f4 e5 14. b4 O-O 15. f5 Kh7 16. g4 g5 17. Kf2 Rh8 18. Rh1 Rag8 19. Na3 Kg7 20. h4 gxh4 21. Rxh4 Nxe4+ 22. dxe4 Bxh4+ 23. Kf3 Bg5 24. b5 Bxd2 25. Qxd2 Kf6 26. Rg1 Rg5 27. Nc2 Rhg8 28. Rh1 Qg7 29. Nb4 c6 30. bxc6 bxc6 31. Nxc6 h5 32. Qb4 Qc7 33. Na5 Rb8 34. Qd2 Qg7 35. c5 Rxg4 36. Rh2 dxc5 37. Qa2 Rf4+ 38. Ke2 Rxe4+ 39. Kd3 Re3+ 40. Kd2 Qf7 41. Qc2 Rc3 0-1

[Event "Campeonato Individual para Veteranos 65 de Madrid 2024-2025"]
[Site "Madrid ESP"]
[Date "2025.05.19"]
[Round "1.2"]
[White "Martinez Rubio, Felipe"]
[Black "Pastor Alonso De Prado, Alberto"]
[Result "0-1"]
[WhiteElo "1748"]
[BlackElo "1977"]
[PlyCount "78"]
[GameId "2179312059445442"]
[EventDate "2025.05.19"]

1. d4 d5 2. c4 e6 3. Nc3 Nf6 4. cxd5 exd5 5. Bg5 c6 6. e3 Be7 7. Qc2 Nbd7 8. Bd3 O-O 9. Nge2 g6 10. h4 Re8 11. O-O-O Nf8 12. f3 Nh5 13. Bxe7 Qxe7 14. e4 dxe4 15. fxe4 Bg4 16. Rde1 Rad8 17. g3 Ne6 18. d5 Nc5 19. Rhg1 cxd5 20. Bb5 dxe4 21. Nf4 Nxf4 22. gxf4 Bf5 23. Re3 Nd3+ 24. Kb1 Qc5 25. Rgg3 Re6 26. Ba4 Nxf4 27. Bb3 Re5 28. Ne2 Nd3 29. Qxc5 Rxc5 30. Nc3 Re5 31. a3 Kg7 32. Rg1 Nf2 33. Bc2 h5 34. Rge1 Ng4 35. R3e2 e3 36. Bxf5 gxf5 37. Rf1 Kg6 38. Kc1 Rd4 39. Rf3 f4 0-1

[Event "Campeonato Individual para Veteranos 65 de Madrid 2024-2025"]
[Site "Madrid ESP"]
[Date "2025.05.19"]
[Round "1.3"]
[White "Lorenzo Bailador, Alfredo"]
[Black "Mauriello, Nunzio"]
[Result "1/2-1/2"]
[WhiteElo "1968"]
[BlackElo "1742"]
[PlyCount "56"]
[GameId "2179317300760790"]
[EventDate "2025.05.19"]

1. e4 c6 2. d4 d5 3. exd5 cxd5 4. Bd3 Nf6 5. h3 g6 6. Nf3 Bf5 7. Ne5 a6 8. O-O Bxd3 9. Qxd3 Bg7 10. Bf4 O-O 11. Re1 Nbd7 12. Nc3 Rc8 13. Qe3 e6 14. Bh6 b5 15. Bxg7 Kxg7 16. Rec1 Qc7 17. Nxd7 Nxd7 18. Ne2 Nb6 19. b3 Qd6 20. Nf4 Rc6 21. a3 Rfc8 22. Qd2 e5 23. Nd3 Nd7 24. Nb4 Rc3 25. dxe5 Qxe5 26. Qxd5 Qxd5 27. Nxd5 Rxc2 28. a4 R2c5 1/2-1/2

[Event "Campeonato Individual para Veteranos 65 de Madrid 2024-2025"]
[Site "Madrid ESP"]
[Date "2025.05.19"]
[Round "1.4"]
[White "Martinez Gallardo, Javier"]
[Black "Martin Martin, Luis Vicente"]
[Result "0-1"]
[WhiteElo "1713"]
[BlackElo "1958"]
[PlyCount "56"]
[GameId "2179297321181312"]
[EventDate "2025.05.19"]

1. e4 c5 2. Nf3 g6 3. c3 Bg7 4. Bc4 Nc6 5. O-O d6 6. h3 Nf6 7. d3 O-O 8. a3 d5 9. exd5 Nxd5 10. Re1 b6 11. Nbd2 Na5 12. Bxd5 Qxd5 13. Rxe7 Qxd3 14. Qe2 Qxe2 15. Rxe2 Ba6 16. Re1 Rfe8 17. c4 Nxc4 18. Rb1 Ne5 19. Nxe5 Rxe5 20. Rxe5 Bxe5 21. b4 Bd3 22. Rb3 c4 23. Nf3 Bf6 24. Ne1 Rd8 25. Nxd3 cxb3 26. Nb2 Bxb2 27. Bxb2 Rd1+ 28. Kh2 Rd2 0-1

[Event "Campeonato Individual para Veteranos 65 de Madrid 2024-2025"]
[Site "Madrid ESP"]
[Date "2025.05.19"]
[Round "1.5"]
[White "Perez Agusti, Luis"]
[Black "Jimenez Ascarza, Jose Ignacio"]
[Result "1/2-1/2"]
[WhiteElo "1916"]
[BlackElo "1704"]
[PlyCount "56"]
[GameId "2179330388418626"]
[EventDate "2025.05.19"]

1. d4 Nf6 2. Nf3 d6 3. Bf4 g6 4. e3 Bg7 5. Be2 O-O 6. O-O b6 7. c3 Bb7 8. Nbd2 Nbd7 9. h3 c5 10. Bh2 Rc8 11. Qa4 Rc7 12. b4 Qa8 13. Rab1 Ne4 14. Nxe4 Bxe4 15. Rb2 cxd4 16. cxd4 Nf6 17. Ne1 Rfc8 18. Bf3 Rc1 19. Bxe4 Nxe4 20. Nd3 Rxf1+ 21. Kxf1 Nc3 22. Qd7 Rc4 23. Qxe7 Bf8 24. Qd7 Qe4 25. Rd2 Nb1 26. Rd1 Nc3 27. Rd2 Nb1 28. Rd1 Nc3 1/2-1/2

[Event "Campeonato Individual para Veteranos 65 de Madrid 2024-2025"]
[Site "Madrid ESP"]
[Date "2025.05.19"]
[Round "1.6"]
[White "Diaz Begonte, Manuel"]
[Black "Cabanas Bravo, Juan Andres"]
[Result "0-1"]
[WhiteElo "1699"]
[BlackElo "1911"]
[PlyCount "52"]
[GameId "2179285821550661"]
[EventDate "2025.05.19"]

1. e4 d5 2. exd5 Nf6 3. d4 Bg4 4. f3 Bf5 5. Bb5+ Nbd7 6. c4 a6 7. Bxd7+ Qxd7 8. Ne2 e6 9. dxe6 Qxe6 10. d5 Qb6 11. Qb3 Bc5 12. Qxb6 Bxb6 13. Nbc3 Bd3 14. b3 O-O-O 15. Bd2 Rhe8 16. Bg5 Ba5 17. Kd1 c6 18. Ne4 cxd5 19. cxd5 Rxd5 20. Nf4 Nxe4 21. fxe4 Rxg5 22. Nxd3 Rxg2 23. Rc1+ Kb8 24. b4 Bb6 25. e5 Rd8 26. Rc2 Rxd3+ 0-1

[Event "Campeonato Individual para Veteranos 65 de Madrid 2024-2025"]
[Site "Madrid ESP"]
[Date "2025.05.19"]
[Round "1.7"]
[White "Garcia Galeote, Lorenzo"]
[Black "Poblador Dieguez, Alfredo"]
[Result "1-0"]
[WhiteElo "1894"]
[BlackElo "1698"]
[PlyCount "63"]
[GameId "2179335083286637"]
[EventDate "2025.05.19"]

1. d4 d5 2. Nf3 e6 3. c4 dxc4 4. Qa4+ Nd7 5. Qxc4 a6 6. g3 b5 7. Qc2 Bb7 8. Bg2 Ngf6 9. O-O Rc8 10. Rd1 c5 11. dxc5 Bxc5 12. Qb3 O-O 13. Be3 Qb6 14. Bxc5 Rxc5 15. Nc3 Rfc8 16. a3 Nd5 17. Na2 N7f6 18. Rac1 h6 19. Rxc5 Rxc5 20. Nb4 Nxb4 21. axb4 Rc7 22. Ne5 Rc8 23. Qd3 Bxg2 24. Kxg2 Qc7 25. Qd4 Nd5 26. e4 Nxb4 27. Nxf7 Qxf7 28. Qxb4 Qc7 29. Rd6 a5 30. Qd4 Re8 31. Rd7 e5 32. Qd5+ 1-0

[Event "Campeonato Individual para Veteranos 65 de Madrid 2024-2025"]
[Site "Madrid ESP"]
[Date "2025.05.19"]
[Round "1.8"]
[White "Hortelano Hap, Ramon"]
[Black "Camarero Izquierdo, Juan Carlos"]
[Result "1-0"]
[WhiteElo "1688"]
[BlackElo "1892"]
[PlyCount "85"]
[GameId "2179339439009938"]
[EventDate "2025.05.19"]

1. c4 e5 2. g3 d6 3. Bg2 Nc6 4. d3 Be6 5. Qb3 Rb8 6. Nf3 Be7 7. Nc3 f5 8. Nd5 Nf6 9. Ng5 Bxd5 10. cxd5 Nd4 11. Qa4+ b5 12. Qd1 h6 13. Ne6 Nxe6 14. dxe6 d5 15. O-O Qd6 16. Qc2 c6 17. d4 e4 18. Bf4 Qxe6 19. Bxb8 O-O 20. Bxa7 f4 21. Bc5 Bxc5 22. Qxc5 Nd7 23. Qc3 b4 24. Qxb4 f3 25. exf3 exf3 26. Rae1 Qf5 27. Bh1 Qh3 28. Qe7 Rf6 29. Re3 Rg6 30. Bxf3 Nf6 31. Qe6+ Qxe6 32. Rxe6 h5 33. Bxh5 Rg5 34. Bf3 Rf5 35. Bg2 c5 36. dxc5 d4 37. c6 Rc5 38. b4 Rc2 39. b5 d3 40. Rd6 d2 41. Rd1 Rxa2 42. R6xd2 Ra5 43. b6 1-0

[Event "Campeonato Individual para Veteranos 65 de Madrid 2024-2025"]
[Site "Madrid ESP"]
[Date "2025.05.19"]
[Round "1.9"]
[White "Ciuro Munoz, Ricardo"]
[Black "Conchillo Roman, Jose Ignacio"]
[Result "1-0"]
[WhiteElo "1883"]
[BlackElo "1683"]
[PlyCount "103"]
[GameId "2179343439659171"]
[EventDate "2025.05.19"]

1. e4 c5 2. Nf3 d6 3. d3 Nf6 4. g3 Nc6 5. Bg2 g6 6. O-O Bg7 7. c3 O-O 8. Re1 Bd7 9. Nbd2 Qc8 10. a3 Bh3 11. Bh1 Bg4 12. Qb3 e5 13. Nc4 Qc7 14. Ne3 Be6 15. Nd5 Na5 16. Qa2 Qd7 17. Ng5 Nc6 18. Nxe6 fxe6 19. Nxf6+ Rxf6 20. b4 Raf8 21. Be3 b6 22. Bg2 Nd8 23. Rf1 Kh8 24. Rad1 Re8 25. d4 cxd4 26. cxd4 exd4 27. Rxd4 Rf7 28. Rd3 Nb7 29. Rfd1 Qe7 30. Qd2 Rc8 31. Bh3 Rc4 32. Bg2 Qc7 33. Qe2 Rc2 34. Qg4 Qe7 35. Bh3 e5 36. R3d2 Rc3 37. Qe2 Rxa3 38. Rc2 Rf8 39. Rdc1 Nd8 40. Rc7 Qe8 41. Qd2 Ne6 42. Rc8 Qf7 43. Qxd6 Rxe3 44. Rxf8+ Bxf8 45. Qxe5+ Bg7 46. Qxe6 Qxe6 47. Bxe6 Rxe4 48. Rc8+ Bf8 49. Rxf8+ Kg7 50. Re8 Rxb4 51. Bd5 a5 52. Re7+ 1-0

[Event "Campeonato Individual para Veteranos 65 de Madrid 2024-2025"]
[Site "Madrid ESP"]
[Date "2025.05.19"]
[Round "1.10"]
[White "Martinez Miura, Enrique"]
[Black "Martin-Consuegra Barrilero, Javi"]
[Result "0-1"]
[WhiteElo "1680"]
[BlackElo "1825"]
[PlyCount "75"]
[GameId "2179345498734769"]
[EventDate "2025.05.19"]

1. e4 c5 2. c4 Nc6 3. Nc3 d6 4. g3 g6 5. Bg2 Bg7 6. Nge2 e6 7. O-O Nge7 8. d3 O-O 9. Be3 Ne5 10. h3 Rb8 11. f4 Nd7 12. Rb1 a6 13. b4 cxb4 14. Rxb4 Nc6 15. Rb1 Qa5 16. d4 Qc7 17. Qd2 Na5 18. c5 dxc5 19. d5 Nc4 20. Qd3 Nxe3 21. Qxe3 b5 22. Rfd1 Qb6 23. Kh2 Rd8 24. e5 Nf8 25. d6 Nd7 26. Na4 Qa7 27. Nac3 Bb7 28. Bxb7 Qxb7 29. Ne4 Rbc8 30. h4 Qc6 31. Nf2 Nb6 32. g4 Nd5 33. Qg3 Qd7 34. f5 f6 35. exf6 Nxf6 36. fxe6 Qxe6 37. Nf4 Qxa2 38. Ne6 0-1

[Event "Campeonato Individual para Veteranos 65 de Madrid 2024-2025"]
[Site "Madrid ESP"]
[Date "2025.05.19"]
[Round "1.11"]
[White "Lopez Heras, Arturo"]
[Black "Salgado Duarte, Pablo"]
[Result "1-0"]
[WhiteElo "1822"]
[BlackElo "1618"]
[PlyCount "55"]
[GameId "2179292004876357"]
[EventDate "2025.05.19"]

1. d4 d5 2. c4 e6 3. Nc3 Nf6 4. Bg5 Be7 5. e3 Nc6 6. Nf3 O-O 7. cxd5 Nxd5 8. Bxe7 Qxe7 9. Bd3 h6 10. O-O Nxc3 11. bxc3 a6 12. Qc2 Qf6 13. Rab1 b5 14. Be4 Bb7 15. Ne5 Nxe5 16. Bxb7 Nc4 17. Bxa8 Na3 18. Qe4 Nxb1 19. Rxb1 c5 20. Bb7 cxd4 21. cxd4 Qd8 22. Bxa6 Qa5 23. Bxb5 Rb8 24. a4 Kh8 25. g3 Kg8 26. Rc1 Qd2 27. Qc2 Qa5 28. Qc7 1-0

[Event "Campeonato Individual para Veteranos 65 de Madrid 2024-2025"]
[Site "Madrid ESP"]
[Date "2025.05.19"]
[Round "1.12"]
[White "Benito Mellado, Humberto"]
[Black "Fernandez Garcia, Ignacio"]
[Result "0-1"]
[WhiteElo "1615"]
[BlackElo "1818"]
[PlyCount "106"]
[GameId "2179298002043022"]
[EventDate "2025.05.19"]

1. d4 c5 2. d5 d6 3. c4 Nf6 4. Nc3 g6 5. e4 Bg7 6. h3 O-O 7. Nf3 Na6 8. a3 Nc7 9. Bd3 Nd7 10. Bf4 a6 11. a4 Rb8 12. O-O b5 13. Rb1 bxc4 14. Bxc4 Rb4 15. Bd3 Nb6 16. a5 Nd7 17. Bd2 Ne5 18. Nxe5 Bxe5 19. Qc1 Re8 20. Ne2 Rb8 21. Bc3 Bxc3 22. bxc3 Bd7 23. Rxb8 Qxb8 24. Qb1 Qa8 25. Qa1 Rb8 26. Rb1 Bb5 27. c4 Bd7 28. Rxb8+ Qxb8 29. Qb1 Qxb1+ 30. Bxb1 Ba4 31. f4 Kg7 32. Kf2 f6 33. g4 e5 34. f5 Kh6 35. Bd3 Kg5 36. Kg3 Kh6 37. Ng1 Bd1 38. Be2 Bc2 39. Kf3 Kg5 40. Ke3 Kh4 41. Bf1 gxf5 42. gxf5 Bd1 43. Ne2 Bxe2 44. Kxe2 Kg3 45. Ke3 Ne8 46. Be2 Kxh3 47. Bh5 Ng7 48. Bf7 Kg4 49. Kf2 Kf4 50. Be6 Ne8 51. Bg8 h6 52. Bf7 Nc7 53. Bh5 Kxe4 0-1

[Event "Campeonato Individual para Veteranos 65 de Madrid 2024-2025"]
[Site "Madrid ESP"]
[Date "2025.05.19"]
[Round "1.13"]
[White "Barahona Torrijos, Angel"]
[Black "Ghavami, Mahmoud"]
[Result "1-0"]
[WhiteElo "1815"]
[BlackElo "1610"]
[PlyCount "129"]
[GameId "2179346530189505"]
[EventDate "2025.05.19"]

1. d4 d5 2. Nf3 Bg4 3. Ne5 Bh5 4. c3 c6 5. Bf4 e6 6. Qb3 Qb6 7. Nd2 Nf6 8. a4 Nbd7 9. a5 Qxb3 10. Nxb3 c5 11. dxc5 Nxe5 12. Bxe5 Nd7 13. Bd6 Bxd6 14. cxd6 O-O 15. e3 a6 16. Bd3 Rac8 17. Nd4 Bg6 18. Kd2 Bxd3 19. Kxd3 Nc5+ 20. Kc2 Rfd8 21. f3 Rxd6 22. Rhd1 g6 23. Nb3 f5 24. Nxc5 Rxc5 25. Ra4 Rdc6 26. e4 dxe4 27. fxe4 Rc7 28. Rd6 Kf7 29. exf5 gxf5 30. Rh4 Ke7 31. Rd3 Kf6 32. Rh6+ Kg5 33. Rxe6 Rxa5 34. Rg3+ Kf4 35. Rd3 Kg5 36. g3 f4 37. gxf4+ Kxf4 38. Rd4+ Kf5 39. Rh6 Rac5 40. Rdh4 Re5 41. Rxh7 Ree7 42. Rxe7 Rxe7 43. Rd4 Rg7 44. h4 Ke6 45. h5 Rg2+ 46. Rd2 Rg5 47. Rh2 Kf7 48. h6 Kg8 49. h7+ Kh8 50. b4 b5 51. Rh6 Rd5 52. c4 bxc4 53. Kc3 Rd7 54. Rxa6 Kxh7 55. b5 Rd1 56. Kxc4 Kg7 57. Re6 Rc1+ 58. Kd5 Kf7 59. Re2 Rb1 60. Kc6 Rc1+ 61. Kb7 Rc3 62. b6 Rc4 63. Kb8 Rc5 64. b7 Rc4 65. Ra2 1-0

[Event "Campeonato Individual para Veteranos 65 de Madrid 2024-2025"]
[Site "Madrid ESP"]
[Date "2025.05.19"]
[Round "1.14"]
[White "Garcia Marin, Blas"]
[Black "Hernandez Gutierrez, Jose"]
[Result "1-0"]
[WhiteElo "1590"]
[BlackElo "1809"]
[PlyCount "67"]
[GameId "2179350552334546"]
[EventDate "2025.05.19"]

1. e4 c6 2. d4 d5 3. Nc3 dxe4 4. Nxe4 Nd7 5. Nf3 Ngf6 6. Nxf6+ Nxf6 7. h3 Bf5 8. Bd3 e6 9. Bxf5 Qa5+ 10. c3 Qxf5 11. O-O Bd6 12. g4 Qa5 13. Re1 O-O 14. Ne5 Rad8 15. Bf4 Bb8 16. Bg5 Qc7 17. Bh4 c5 18. Bg3 Qe7 19. g5 Ne8 20. Qg4 cxd4 21. cxd4 Nc7 22. Bh4 g6 23. f4 Rxd4 24. Bf2 Rd5 25. Qh4 Ne8 26. Ng4 f5 27. gxf6 Nxf6 28. Rad1 Rxd1 29. Rxd1 Bxf4 30. b4 h5 31. Bc5 Qf7 32. Bxf8 hxg4 33. Rd8 Bc7 34. Bg7+ 1-0

[Event "Campeonato Individual para Veteranos 65 de Madrid 2024-2025"]
[Site "Madrid ESP"]
[Date "2025.05.19"]
[Round "1.15"]
[White "Pinan Gaviria, Jose"]
[Black "Alonso Ibanez, Jose"]
[Result "1-0"]
[WhiteElo "1802"]
[BlackElo "1569"]
[PlyCount "63"]
[GameId "2179351713538272"]
[EventDate "2025.05.19"]

1. e4 e6 2. d4 d5 3. Nd2 c5 4. exd5 exd5 5. Ngf3 Nf6 6. Be2 Be7 7. dxc5 Bxc5 8. Nb3 Bb6 9. O-O O-O 10. Bg5 Be6 11. Nbd4 Nbd7 12. c3 Qb8 13. Nd2 a6 14. Bf3 Bc7 15. h3 h6 16. Be3 Ne5 17. Be2 g5 18. f4 gxf4 19. Bxf4 Kh7 20. Bxh6 Rg8 21. Nxe6 fxe6 22. Rxf6 Qa7+ 23. Kh1 Rg6 24. Rxg6 Kxg6 25. Bf4 Rh8 26. Bxe5 Bxe5 27. Bd3+ Kf7 28. Qg4 Rg8 29. Rf1+ Bf6 30. Qf4 Ke8 31. Qxf6 b5 32. Qxe6+ 1-0

[Event "Campeonato Individual para Veteranos 65 de Madrid 2024-2025"]
[Site "Madrid ESP"]
[Date "2025.05.19"]
[Round "1.16"]
[White "Lopez Manso, Jeronimo"]
[Black "Martinez De La Puente, Ignacio"]
[Result "0-1"]
[WhiteElo "1547"]
[BlackElo "1786"]
[PlyCount "76"]
[GameId "2179352829227246"]
[EventDate "2025.05.19"]

1. d4 d5 2. c4 c6 3. Nc3 Nf6 4. cxd5 Nxd5 5. e4 Nxc3 6. bxc3 Qa5 7. Bd2 e5 8. c4 Bb4 9. Nf3 exd4 10. Nxd4 O-O 11. Nb3 Bxd2+ 12. Qxd2 Qe5 13. Bd3 Nd7 14. f4 Qe7 15. O-O Nc5 16. Qb4 b6 17. Rae1 Rd8 18. Bb1 Ba6 19. Qc3 Rd7 20. f5 Nxb3 21. axb3 Qc5+ 22. Kh1 f6 23. e5 fxe5 24. Rxe5 Qd4 25. Qg3 Bxc4 26. bxc4 Qxc4 27. Rfe1 Qf7 28. Qf3 Rc8 29. Bc2 Kf8 30. Qh3 h6 31. Bb3 Qf6 32. Be6 Qxe5 33. Qh4 Qc7 34. Qg4 Re8 35. Qg6 Qe5 36. Rf1 Qf6 37. Qh7 Rxe6 38. Qh8+ Kf7 0-1

[Event "Campeonato Individual para Veteranos 65 de Madrid 2024-2025"]
[Site "Madrid ESP"]
[Date "2025.05.19"]
[Round "1.17"]
[White "Garcia Esteban, Ignacio"]
[Black "Vallespin Morales, Antonio"]
[Result "1-0"]
[WhiteElo "1773"]
[BlackElo "1530"]
[PlyCount "93"]
[GameId "2179354187829500"]
[EventDate "2025.05.19"]

1. e4 c5 2. Nf3 e6 3. Nc3 a6 4. a4 Nc6 5. d3 Qc7 6. g3 Be7 7. Bg2 Nf6 8. Bg5 d6 9. O-O O-O 10. Re1 Nd7 11. Bf4 Bf6 12. Qd2 Nde5 13. Nxe5 Nxe5 14. Rab1 Ng6 15. Be3 Bd7 16. d4 cxd4 17. Bxd4 Be7 18. Qe3 Bc6 19. Bb6 Qd7 20. a5 f5 21. f4 Rae8 22. Rbd1 Qc8 23. Qd2 Rf7 24. exf5 exf5 25. Nd5 Bf8 26. Qd3 Rxe1+ 27. Rxe1 Ne7 28. c3 Nxd5 29. Bxd5 Bxd5 30. Qxd5 Qc6 31. Qe6 d5 32. Re5 Qxe6 33. Rxe6 Rd7 34. Kf2 Kf7 35. Re5 g6 36. Re2 Bg7 37. Rd2 Bf6 38. Kf3 Bg7 39. h3 h5 40. g4 hxg4+ 41. hxg4 fxg4+ 42. Kxg4 Bf6 43. Bd4 Bxd4 44. Rxd4 Ke6 45. Rb4 Kf7 46. Kg5 Re7 47. Rb6 1-0

[Event "Campeonato Individual para Veteranos 65 de Madrid 2024-2025"]
[Site "Madrid ESP"]
[Date "2025.05.19"]
[Round "1.18"]
[White "Tresguerres Riestra, Juan Jose"]
[Black "Alberdi Garcia, Carlos Alfonso"]
[Result "0-1"]
[WhiteElo "1487"]
[BlackElo "1769"]
[PlyCount "54"]
[GameId "2179294273667172"]
[EventDate "2025.05.19"]

1. e4 d5 2. exd5 Qxd5 3. Nc3 Qd6 4. d4 Nf6 5. Nf3 a6 6. h3 b5 7. Bd3 Bb7 8. Be3 e6 9. Qe2 Be7 10. b3 O-O 11. g4 Nd5 12. Ne4 Qd8 13. Bd2 Nd7 14. Rg1 Nb4 15. Bg5 Bxg5 16. Nexg5 Nxd3+ 17. Qxd3 Nf6 18. h4 h6 19. Nh3 Bxf3 20. Qxf3 Qxd4 21. Qd1 Qe5+ 22. Kf1 Rad8 23. Qe1 Qxe1+ 24. Kxe1 Rd4 25. f3 Rfd8 26. Rg2 Nd5 27. Nf2 Ne3 0-1

[Event "Campeonato Individual para Veteranos 65 de Madrid 2024-2025"]
[Site "Madrid ESP"]
[Date "2025.05.19"]
[Round "1.19"]
[White "Marcos Medina, Alejandro"]
[Black "Lozano Valverde, Eduardo"]
[Result "1-0"]
[WhiteElo "1759"]
[BlackElo "1454"]
[PlyCount "81"]
[GameId "2179308530270372"]
[EventDate "2025.05.19"]

1. d4 Nf6 2. Nf3 d5 3. Bg5 Nc6 4. e3 Ne4 5. Bh4 Qd6 6. c3 e6 7. Bd3 Be7 8. Bg3 Nxg3 9. hxg3 g6 10. Nbd2 e5 11. dxe5 Nxe5 12. Nxe5 Qxe5 13. Qb3 b6 14. Bb5+ Kf8 15. Bc6 Rb8 16. Nf3 Qf6 17. Bxd5 Be6 18. O-O-O c6 19. Bxe6 fxe6 20. Nd4 Kf7 21. Rh4 Bd6 22. Nxc6 Qxf2 23. Rxd6 Qxe3+ 24. Kb1 Rbe8 25. Rf4+ Kg7 26. Rd7+ Kh6 27. Rh4+ Kg5 28. Qb5+ e5 29. Qd3 Qe1+ 30. Kc2 Qf2+ 31. Qd2+ Qxd2+ 32. Kxd2 a5 33. Ke3 Kf6 34. Rd6+ Re6 35. Rxe6+ Kxe6 36. Re4 Kd5 37. Na7 Rf8 38. b3 Rf5 39. Nc8 b5 40. Ne7+ Kd6 41. Nxf5+ 1-0

[Event "Campeonato Individual para Veteranos 65 de Madrid 2024-2025"]
[Site "Madrid ESP"]
[Date "2025.05.20"]
[Round "2.1"]
[White "Pastor Alonso De Prado, Alberto"]
[Black "Pinan Gaviria, Jose"]
[Result "1/2-1/2"]
[WhiteElo "1977"]
[BlackElo "1802"]
[PlyCount "111"]
[GameId "2179698155167783"]
[EventDate "2025.05.19"]

1. d4 Nf6 2. Nf3 g6 3. c4 Bg7 4. Nc3 O-O 5. e4 d6 6. Be2 e5 7. O-O Nc6 8. d5 Ne7 9. b4 a5 10. bxa5 Rxa5 11. Nd2 Nd7 12. Nb3 Ra8 13. a4 f5 14. f3 f4 15. Ba3 b6 16. a5 bxa5 17. c5 dxc5 18. Na4 Rf6 19. Qd2 Ba6 20. Bxa6 Rfxa6 21. Rfc1 Nc8 22. Nbxc5 Nxc5 23. Nxc5 R6a7 24. Ne6 Qd7 25. Rc6 Ne7 26. Bxe7 Qxe7 27. Rac1 Bf8 28. Qb2 a4 29. Rxc7 Rxc7 30. Rxc7 a3 31. Qa2 Qb4 32. Rc1 Qb2 33. Rc2 Qb5 34. Qa1 Rb8 35. h4 Bd6 36. Kh2 Qb3 37. Qc1 Qb7 38. Qa1 Qe7 39. Kh3 h6 40. Rc6 Ra8 41. Qa2 g5 42. h5 Qf7 43. Kg4 Qe7 44. Rc2 Qb7 45. Qc4 Qd7 46. Ra2 Rc8 47. Qa6 Rb8 48. Rxa3 Bxa3 49. Qxa3 Re8 50. Qa6 Kf7 51. Kf5 Qe7 52. Qc6 Qf6+ 53. Kg4 Rxe6 54. dxe6+ Qxe6+ 55. Qxe6+ Kxe6 56. Kh3 1/2-1/2

[Event "Campeonato Individual para Veteranos 65 de Madrid 2024-2025"]
[Site "Madrid ESP"]
[Date "2025.05.20"]
[Round "2.2"]
[White "Martin Martin, Luis Vicente"]
[Black "Garcia Esteban, Ignacio"]
[Result "1-0"]
[WhiteElo "1958"]
[BlackElo "1773"]
[PlyCount "93"]
[GameId "2179701066702923"]
[EventDate "2025.05.19"]

1. e4 c5 2. Nf3 Nc6 3. Bb5 Nd4 4. Nxd4 cxd4 5. c3 Qa5 6. Qh5 Qb6 7. Bc4 e6 8. O-O g6 9. Qe5 f6 10. Qxd4 Qxd4 11. cxd4 Ne7 12. d5 exd5 13. exd5 d6 14. Nc3 Bd7 15. Ne4 Ng8 16. Re1 Kf7 17. d4 Rc8 18. Bd3 Bf5 19. Bd2 Bxe4 20. Bxe4 f5 21. Bf3 Nf6 22. Rac1 Be7 23. Kf1 Rxc1 24. Rxc1 Rd8 25. Ke2 Kg7 26. Kd3 h6 27. Re1 Rd7 28. Kc4 g5 29. g3 Kf7 30. a4 Rc7+ 31. Kb3 g4 32. Bg2 h5 33. Rc1 Rxc1 34. Bxc1 Ke8 35. Kc4 Kd7 36. Be3 Ke8 37. Bf1 Ne4 38. Bd3 Kf7 39. Bxe4 fxe4 40. Bf4 Kg6 41. Kb5 Kf5 42. a5 e3 43. Bxe3 Ke4 44. a6 bxa6+ 45. Kc6 Bf8 46. Bf4 Kxd4 47. Bxd6 1-0

[Event "Campeonato Individual para Veteranos 65 de Madrid 2024-2025"]
[Site "Madrid ESP"]
[Date "2025.05.20"]
[Round "2.3"]
[White "Cabanas Bravo, Juan Andres"]
[Black "Marcos Medina, Alejandro"]
[Result "1/2-1/2"]
[WhiteElo "1911"]
[BlackElo "1759"]
[PlyCount "81"]
[GameId "2179702310084697"]
[EventDate "2025.05.19"]

1. e4 e5 2. c3 Nf6 3. d4 exd4 4. e5 Qe7 5. cxd4 d6 6. Nf3 Bg4 7. Be2 Nfd7 8. Bg5 f6 9. exf6 gxf6 10. Bh4 Bxf3 11. gxf3 d5 12. O-O Nc6 13. Bb5 Qg7+ 14. Kh1 O-O-O 15. Bxc6 bxc6 16. Qa4 Rg8 17. Bg3 f5 18. f4 Nb6 19. Qxc6 Rd6 20. Qe8+ Kb7 21. Qe5 Qg4 22. Nd2 h5 23. f3 Qh3 24. Rg1 Bg7 25. Qe3 Bh6 26. Bf2 Rdg6 27. Rxg6 Rxg6 28. Rg1 Rc6 29. b3 Bf8 30. a4 Bb4 31. Nb1 Rc2 32. Rg2 Rb2 33. Qd3 Be1 34. a5 Bxa5 35. Na3 Rd2 36. Qb5 Qxf3 37. Nc4 Rxf2 38. Nxa5+ Kb8 39. Qe8+ Nc8 40. Qb5+ Nb6 41. Qe8+ 1/2-1/2

[Event "Campeonato Individual para Veteranos 65 de Madrid 2024-2025"]
[Site "Madrid ESP"]
[Date "2025.05.20"]
[Round "2.4"]
[White "Martinez De La Puente, Ignacio"]
[Black "Garcia Galeote, Lorenzo"]
[Result "0-1"]
[WhiteElo "1786"]
[BlackElo "1894"]
[PlyCount "44"]
[GameId "2179706680754282"]
[EventDate "2025.05.19"]

1. d4 g6 2. c4 Bg7 3. Nc3 d6 4. e4 Nc6 5. Be3 e5 6. d5 Nce7 7. Bd3 f5 8. f4 fxe4 9. Bxe4 Nf5 10. Qd2 Nxe3 11. Qxe3 Qe7 12. Nge2 exf4 13. Qxf4 Nf6 14. Bd3 O-O 15. Qd2 Ng4 16. Nd1 Bd7 17. h3 Ne5 18. Nf2 Rae8 19. Rf1 Nxd3+ 20. Nxd3 Qh4+ 21. Nf2 Qxc4 22. Rc1 Rxe2+ 0-1

[Event "Campeonato Individual para Veteranos 65 de Madrid 2024-2025"]
[Site "Madrid ESP"]
[Date "2025.05.20"]
[Round "2.5"]
[White "Alberdi Garcia, Carlos Alfonso"]
[Black "Ciuro Munoz, Ricardo"]
[Result "1/2-1/2"]
[WhiteElo "1769"]
[BlackElo "1883"]
[PlyCount "41"]
[GameId "2179710567047288"]
[EventDate "2025.05.19"]

1. d4 e6 2. Nf3 d5 3. e3 Nf6 4. Bd3 Be7 5. O-O O-O 6. c3 Nbd7 7. Nbd2 c5 8. Qe2 b6 9. dxc5 Nxc5 10. Bc2 Ba6 11. c4 dxc4 12. Nxc4 Qc8 13. Rd1 Rd8 14. b3 Rxd1+ 15. Qxd1 Bxc4 16. bxc4 Qd7 17. Bb2 Qxd1+ 18. Rxd1 Rd8 19. Rxd8+ Bxd8 20. Ne5 Bc7 21. f3 1/2-1/2

[Event "Campeonato Individual para Veteranos 65 de Madrid 2024-2025"]
[Site "Madrid ESP"]
[Date "2025.05.20"]
[Round "2.6"]
[White "Martin-Consuegra Barrilero, Javi"]
[Black "De Los Rios Camacho, Juan Antoni"]
[Result "1-0"]
[WhiteElo "1825"]
[BlackElo "1752"]
[PlyCount "97"]
[GameId "2179711031197830"]
[EventDate "2025.05.19"]

1. d4 d6 2. e3 Nf6 3. Nf3 Bg4 4. Be2 Nbd7 5. Nbd2 e5 6. h3 Bh5 7. O-O e4 8. Nh2 Bxe2 9. Qxe2 d5 10. c4 c6 11. a3 Bd6 12. c5 Bxh2+ 13. Kxh2 Qc7+ 14. Kg1 h5 15. f3 O-O-O 16. b4 g5 17. f4 gxf4 18. Rxf4 Rdg8 19. Nf1 Rg6 20. Ra2 Nf8 21. Qf2 Qe7 22. Qh4 Ne6 23. Rf5 Rhg8 24. Raf2 Ng5 25. Kh1 Nf3 26. Qf4 Ne1 27. Rxf6 Nxg2 28. Qf5+ Kd8 29. Rxf7 Nh4 30. Rxe7 Nxf5 31. Rxb7 Rg1+ 32. Kh2 Nh4 33. Rb8+ Ke7 34. Rxg8 Rxg8 35. Nd2 a6 36. Bb2 Rg7 37. Nxe4 dxe4 38. d5 Rg8 39. Bf6+ Kd7 40. dxc6+ Kxc6 41. Bxh4 a5 42. Rf6+ Kb5 43. Rb6+ Ka4 44. c6 axb4 45. axb4 Rc8 46. b5 Ka5 47. Rb7 Kb4 48. c7 Kc5 49. Be7+ 1-0